000 00496nam a2200169Ia 4500
005 20250508155615.0
008 008 250505s9999 xx 000 0 eng d
037 _aBooks to be hide in OPAC
040 _aFEDL
_beng
_cFEDL
041 _aeng
_2eng
084 _a370.954, IND/O
_qFEDL
245 0 _aReport of activities during 1951-52 and programme for 1952-53
245 0 _cMinistry of Education
300 _a36p.
942 _cHB
_h370.954, IND/O
999 _c1358186
_d1358186